| 000 | 00000nam##2200000za#4500 |
| 001 | 9.698877 |
| 003 | CaOODSP |
| 005 | 20241203113638 |
| 007 | cr ||||||||||| |
| 008 | 150407|2008||||xxc|||||o f|0| 0 eng|d |
| 040 | |aCaOODSP|beng |
| 043 | |an-cn--- |
| 086 | 1 |aEn84-101/2008E-PDF |
| 110 | 1 |aCanada. |bEnvironment Canada. |
| 245 | 10|aJoint Statement of Cooperation on the Georgia Basin and Puget Sound ecosystem : |h[electronic resource]|b2008-2010 action plan - initiatives for the Salish Sea / |c[co-published by the] United States Environmental Protection Agency. |
| 260 | |aOttawa - Ontario : |bEnvironment Canada |cNovember 2008. |
| 300 | |a17p. |
| 590 | |a14-08-Supp|b2014-04-10 |
| 690 | 07|aEnvironmental protection|2gcpds |
| 775 | 08|tDéclaration conjointe de coopération pour l'écosystème du bassin de Georgia et de Puget Sound : |w(CaOODSP)9.642893 |
| 856 | 40|ahttp://publications.gc.ca|qPDF|s159 KB|uhttps://publications.gc.ca/collections/collection_2014/ec/En84-101-2008-eng.pdf |